000 00605nam a22001817a 4500
005 20160919122249.0
008 160919b xxu||||| |||| 00| 0 eng d
020 _a9780393934984
050 _aGN 50.4
_b.L37 2011
100 _aLarsen Clark Spencer
245 _aOur origins:
_bDiscovering physical anthropology/
_cClark Spenser Larsen
250 _a2nd ed.
260 _aNew York:
_bW.W. Norton and Company;
_c2011.
300 _axxxiii,468p. :
_bill. ;
_c23cm.
504 _aIncludes references and index
650 _aPhysical Anthropology
942 _2lcc
_cBOOKS
_hGN 50.4 .L37 2011
999 _c13799
_d13799